00305nam a2200121Ia 4500008004100000100001200041245005200053260003400105300000900139650001300148942000700161999001500168190216s9999||||xx |||||||||||||| ||und|| aMyint H 0aEconomic Theory And The Underdeveloped Contries bOxford University Pressc1971 a353p aCommerce cBK c4364d4364